000 00324 a2200121 4500
000 nam a22 7a 4500
005 20260317125110.0
020 _a9781804294222
100 _aJennifer C. Pan
_91132313
245 _aSelling Social Justice: Why the Ruling Class Loves Antiracism
260 _bVerso
_c2025
942 _cTEXL
999 _c1715613
_d1715613